000 00874nam a2200241 i 4500
001 169108
003 ES-MaACL
005 20250812062536.0
008 080818s1955 sp f |||| | spa d
080 _a276 Agustín, San
100 1 _aMuñoz Alonso, Adolfo.
_984346
245 1 3 _aEl proceso intelectual de San Agustín /
_cAdolfo Muñoz Alonso.
260 _aMadrid :
_bAteneo,
_c1955.
300 _a34 p. :
_b1 lám. ;
_c19 cm.
490 1 _aColección "O crece o muere" ;
_v81
500 _aEl original fue dado a conocer por el autor en el Ateneo de Madrid el día 21 de enero de 1955.
600 0 4 _aAgustín
_cSanto, Obispo de Hipona.
_9125563
610 2 7 _aAteneo de Madrid-
_vConferencias-
_y1940-1982.
_91908
830 0 0 _aColección "O crece o muere"
_v81
_9183476
852 _aES-MaACL
_jJ-24(81)
852 _aES-MaACL
_jJ-25(81)
999 _c169108
_d169108